[Event "ch-Schachbundesliga 2020"]
[Site "Karlsruhe GER"]
[Date "2020.09.19"]
[Round "5.2"]
[Board "8"]
[White "Rudolf, Henrik"]
[Black "Kozul, Zdenko"]
[Result "1/2-1/2"]
[WhiteTitle "FM"]
[BlackTitle "GM"]
[WhiteElo "2295"]
[BlackElo "2597"]
[WhiteTeam "SF Berlin"]
[BlackTeam "Schachfreunde Deizisau"]
[WhiteFideId "4622723"]
[BlackFideId "14502879"]
[EventDate "2020.09.16"]

1. e4 c5 2. Nf3 Nc6 3. d4 cxd4 4. Nxd4 Nf6 5. Nc3 d6 6. Bg5 e6 7. Qd2 Qb6 8.
Bxf6 gxf6 9. Nb3 a6 10. O-O-O h5 11. Kb1 h4 12. f4 Bd7 13. Be2 O-O-O 14. Rhf1
Kb8 15. Qe1 Rc8 16. Rf3 Ne7 17. Rfd3 Ng6 18. Qf1 Qc7 19. f5 Ne5 20. Rd4 Be7 21.
R1d2 Rhg8 22. Nd1 Nc6 23. R4d3 Ne5 24. Rd4 Bf8 25. Nc3 Be7 1/2-1/2

[Event "ch-Schachbundesliga 2020"]
[Site "Karlsruhe GER"]
[Date "2020.09.19"]
[Round "5.3"]
[Board "1"]
[White "Amin, Bassem"]
[Black "Seel, Christian"]
[Result "1-0"]
[WhiteTitle "GM"]
[BlackTitle "IM"]
[WhiteElo "2686"]
[BlackElo "2475"]
[WhiteTeam "SC Viernheim"]
[BlackTeam "Aachener SV"]
[WhiteFideId "10601457"]
[BlackFideId "4663098"]
[EventDate "2020.09.16"]

1. e4 d5 2. exd5 Qxd5 3. Nc3 Qa5 4. d4 Nf6 5. Nf3 Bf5 6. Bc4 e6 7. Bd2 Bb4 8. a3
Bxc3 9. Bxc3 Qb6 10. Qe2 O-O 11. Bb4 Re8 12. O-O-O c6 13. Ne5 a5 14. Be1 Qc7 15.
g4 Bg6 16. h4 b5 17. Ba2 Be4 18. g5 Bxh1 19. gxf6 gxf6 20. Bd2 Kf8 21. Rxh1 fxe5
22. dxe5 Ke7 23. Rd1 Rf8 24. Bg5+ Ke8 25. Rd6 h6 26. Bxh6 Rg8 27. Qh5 Rg1+ 28.
Kd2 Rg6 29. Bg5 Nd7 30. Ke2 Nf8 31. Qf3 Rc8 32. c3 Rxg5 33. hxg5 b4 34. Bb1 bxa3
35. bxa3 Qb6 36. Qd3 Qb2+ 37. Kf3 Ng6 38. Rxe6+ fxe6 39. Qxg6+ Kd8 40. Qc2 Qxc2
41. Bxc2 Ke7 42. Ke3 c5 43. a4 Rh8 44. Be4 Rh5 45. g6 Rxe5 46. f3 Rg5 47. Kd3
c4+ 48. Kxc4 Kd6 49. Kd4 Rg1 50. Ke3 Rc1 51. Bd3 Ke7 52. c4 e5 53. Kd2 Ra1 54.
c5 Ra2+ 55. Bc2 Ra3 56. g7 Kf7 57. c6 e4 58. fxe4 Rg3 59. c7 Rg2+ 60. Kc1 1-0

[Event "ch-Schachbundesliga 2020"]
[Site "Karlsruhe GER"]
[Date "2020.09.19"]
[Round "5.3"]
[Board "2"]
[White "Koch, Thomas1"]
[Black "Fedorchuk, Sergey A."]
[Result "0-1"]
[WhiteTitle "IM"]
[BlackTitle "GM"]
[WhiteElo "2461"]
[BlackElo "2615"]
[WhiteTeam "Aachener SV"]
[BlackTeam "SC Viernheim"]
[WhiteFideId "4600533"]
[BlackFideId "14102536"]
[EventDate "2020.09.16"]

1. d4 Nf6 2. c4 e6 3. Nf3 b6 4. g3 Ba6 5. b3 c6 6. Bg2 Bb4+ 7. Bd2 Be7 8. Bc3 d5
9. Nbd2 Nbd7 10. O-O Rc8 11. a4 O-O 12. a5 Bb7 13. Ra2 Qc7 14. Qb1 c5 15. a6 Ba8
16. Rd1 Rfd8 17. Ra1 Qb8 18. Qb2 dxc4 19. bxc4 cxd4 20. Nxd4 Bc5 21. Nb5 Ng4 22.
Bd4 Bxg2 23. Kxg2 e5 24. Bxc5 Nxc5 25. h3 Nf6 26. Qa3 Ne6 27. Nf3 e4 28. Nfd4
Nxd4 29. Nxd4 Rxc4 30. Nb5 Rc5 31. Nxa7 Re8 32. Qb4 Qxa7 33. Rd6 b5 34. Qd4 Rc7
35. Qxa7 Rxa7 36. Rb6 h6 0-1

[Event "ch-Schachbundesliga 2020"]
[Site "Karlsruhe GER"]
[Date "2020.09.19"]
[Round "5.3"]
[Board "4"]
[White "Piceu, Tom"]
[Black "Tarlev, Konstantin"]
[Result "0-1"]
[WhiteTitle "IM"]
[BlackTitle "GM"]
[WhiteElo "2347"]
[BlackElo "2561"]
[WhiteTeam "Aachener SV"]
[BlackTeam "SC Viernheim"]
[WhiteFideId "201952"]
[BlackFideId "14114089"]
[EventDate "2020.09.16"]

1. d4 d5 2. c4 e6 3. Nc3 Nf6 4. cxd5 Nxd5 5. e4 Nxc3 6. bxc3 c5 7. Rb1 Be7 8.
Nf3 O-O 9. Be2 cxd4 10. cxd4 b6 11. O-O Bb7 12. Qd3 Nd7 13. Be3 Rc8 14. Rfc1
Rxc1+ 15. Rxc1 Qb8 16. Nd2 Rd8 17. f3 h6 18. Qb3 Rc8 19. Rxc8+ Qxc8 20. a4 Qc7
21. Nc4 h5 22. Na3 a6 23. Nc4 h4 24. d5 exd5 25. Nxb6 d4 26. Nxd7 dxe3 27. Nb6
Qc1+ 0-1

[Event "ch-Schachbundesliga 2020"]
[Site "Karlsruhe GER"]
[Date "2020.09.19"]
[Round "5.3"]
[Board "5"]
[White "Zaragatski, Ilja"]
[Black "Klein, Felix"]
[Result "1-0"]
[WhiteTitle "GM"]
[BlackTitle "FM"]
[WhiteElo "2517"]
[BlackElo "2307"]
[WhiteTeam "SC Viernheim"]
[BlackTeam "Aachener SV"]
[WhiteFideId "4655192"]
[BlackFideId "24600458"]
[EventDate "2020.09.16"]

1. Nf3 d5 2. g3 Nf6 3. Bg2 e6 4. O-O Be7 5. b3 O-O 6. c4 c5 7. cxd5 Nxd5 8. Bb2
b6 9. d4 Bb7 10. e4 Nf6 11. Nbd2 cxd4 12. e5 Nd5 13. Nxd4 Nc6 14. Ne4 Rc8 15.
Nb5 Ba6 16. a4 Ncb4 17. Qg4 Nd3 18. Bd4 Bxb5 19. axb5 N5f4 20. gxf4 Qxd4 21.
Rxa7 Bb4 22. Rd7 Nxf2 23. Rxd4 Nxg4 24. Rxb4 Ne3 25. Rf3 Rc1+ 26. Kf2 Nd1+ 27.
Kg3 1-0

[Event "ch-Schachbundesliga 2020"]
[Site "Karlsruhe GER"]
[Date "2020.09.19"]
[Round "5.3"]
[Board "6"]
[White "Lemmers, Oscar"]
[Black "Beikert, Guenther"]
[Result "1-0"]
[WhiteTitle "IM"]
[BlackTitle "IM"]
[WhiteElo "2348"]
[BlackElo "2395"]
[WhiteTeam "Aachener SV"]
[BlackTeam "SC Viernheim"]
[WhiteFideId "1002759"]
[BlackFideId "4614186"]
[EventDate "2020.09.16"]

1. e4 c5 2. c3 Nf6 3. e5 Nd5 4. d4 cxd4 5. Nf3 e6 6. cxd4 b6 7. Bd3 Ba6 8. O-O
Be7 9. Nc3 Nxc3 10. bxc3 Bxd3 11. Qxd3 d5 12. exd6 Qxd6 13. Ba3 Qd5 14. c4 Qf5
15. Qxf5 exf5 16. Rfe1 Nc6 17. d5 Kd8 18. dxc6 Bxa3 19. Rad1+ Kc7 20. Rd7+ Kxc6
21. Ne5+ Kc5 22. Rb1 1-0

[Event "ch-Schachbundesliga 2020"]
[Site "Karlsruhe GER"]
[Date "2020.09.19"]
[Round "5.3"]
[Board "7"]
[White "Lanka, Zigurds"]
[Black "Lamby, Philipp"]
[Result "1-0"]
[WhiteTitle "GM"]
[WhiteElo "2391"]
[BlackElo "2130"]
[WhiteTeam "SC Viernheim"]
[BlackTeam "Aachener SV"]
[WhiteFideId "11600047"]
[BlackFideId "4657160"]
[EventDate "2020.09.16"]

1. e4 e5 2. Nf3 Nc6 3. Bb5 a6 4. Ba4 Nf6 5. d3 b5 6. Bb3 Bc5 7. Nc3 d6 8. Nd5 h6
9. c3 Nxd5 10. Bxd5 Bd7 11. d4 Bb6 12. Be3 Rb8 13. O-O O-O 14. Kh1 Qe7 15. Re1
exd4 16. cxd4 Nb4 17. Bb3 Qxe4 18. Bd2 Nd3 19. Rxe4 Nxf2+ 20. Kg1 Nxd1 21. Rxd1
Bc6 22. Rg4 Kh8 23. Re1 g5 24. Rg3 Bxf3 25. Rxf3 Bxd4+ 26. Kf1 Be5 27. h4 f6 28.
Bc3 b4 29. Bxe5 fxe5 30. hxg5 hxg5 31. Ke2 Rxf3 32. Kxf3 1-0

[Event "ch-Schachbundesliga 2020"]
[Site "Karlsruhe GER"]
[Date "2020.09.19"]
[Round "5.3"]
[Board "8"]
[White "Jablonowski, Christoph"]
[Black "Heinemann, Josefine"]
[Result "0-1"]
[BlackTitle "WGM"]
[WhiteElo "1969"]
[BlackElo "2289"]
[WhiteTeam "Aachener SV"]
[BlackTeam "SC Viernheim"]
[WhiteFideId "24629790"]
[BlackFideId "12900460"]
[EventDate "2020.09.16"]

1. d4 Nf6 2. c4 g6 3. Nc3 d5 4. Nf3 Bg7 5. h4 c6 6. cxd5 cxd5 7. Bf4 O-O 8. e3
Nc6 9. Qb3 Na5 10. Qb4 b6 11. Rc1 Bb7 12. Ne5 Rc8 13. Be2 Nd7 14. Nf3 h6 15. h5
g5 16. Bh2 e6 17. Qa3 Re8 18. b4 Bf8 19. Qb2 Nc4 20. Qb3 Nf6 21. Ne5 Qe7 22. a3
a6 23. Bxc4 dxc4 24. Nxc4 Bd5 25. Bd6 Bxc4 26. Bxe7 Bxb3 27. Bxf6 a5 28. O-O
axb4 29. axb4 Bxb4 30. Ne4 Bc4 31. Rfd1 Bd5 32. Rxc8 Rxc8 33. Rb1 Ba3 34. Nd2
Rc1+ 35. Rxc1 Bxc1 36. Nf3 b5 37. Ne5 b4 38. Nd3 b3 39. e4 0-1

[Event "ch-Schachbundesliga 2020"]
[Site "Karlsruhe GER"]
[Date "2020.09.19"]
[Round "5.4"]
[Board "1"]
[White "Huschenbeth, Niclas"]
[Black "L'Ami, Erwin"]
[Result "1-0"]
[WhiteTitle "GM"]
[BlackTitle "GM"]
[WhiteElo "2612"]
[BlackElo "2620"]
[WhiteTeam "FC Bayern Muenchen"]
[BlackTeam "SG Solingen"]
[WhiteFideId "24604747"]
[BlackFideId "1007998"]
[EventDate "2020.09.16"]

1. e4 e5 2. Nf3 Nc6 3. Bb5 Nge7 4. Nc3 Ng6 5. h4 Nd4 6. Bc4 h5 7. Ng5 d5 8. Bxd5
Nxh4 9. Bxf7+ Kd7 10. d3 Nxg2+ 11. Kf1 Nf4 12. Bxf4 exf4 13. Rxh5 Rxh5 14. Qxh5
c6 15. Qg4+ Kc7 16. Qxf4+ Bd6 17. e5 Be7 18. e6+ Qd6 19. Qxd6+ Kxd6 20. Nce4+
Ke5 21. Kg2 Kf5 22. Rh1 b6 23. Nf3 Nxe6 24. Rh5+ g5 25. Nh4+ Kf4 26. Ng6+ Kg4
27. Rh8 Nf4+ 28. Nxf4 Kxf4 29. Be6 Bb7 30. Rh7 Re8 31. Bd7 1-0

[Event "ch-Schachbundesliga 2020"]
[Site "Karlsruhe GER"]
[Date "2020.09.19"]
[Round "5.4"]
[Board "2"]
[White "Van Foreest, Jorden"]
[Black "Bogner, Sebastian"]
[Result "1/2-1/2"]
[WhiteTitle "GM"]
[BlackTitle "GM"]
[WhiteElo "2682"]
[BlackElo "2571"]
[WhiteTeam "SG Solingen"]
[BlackTeam "FC Bayern Muenchen"]
[WhiteFideId "1039784"]
[BlackFideId "4692055"]
[EventDate "2020.09.16"]

1. e4 e5 2. Nf3 Nf6 3. Nxe5 d6 4. Nf3 Nxe4 5. d4 d5 6. Bd3 Bd6 7. O-O O-O 8. c4
c6 9. Nc3 Nxc3 10. bxc3 dxc4 11. Bxc4 Bf5 12. Bg5 Qa5 13. d5 Be4 14. dxc6 Nxc6
15. Qxd6 Bxf3 16. Qg3 Be4 17. Rfe1 Bg6 18. h4 Kh8 19. Rad1 Rfe8 20. Bb3 h6 21.
Rxe8+ Rxe8 22. Rd5 Qa6 23. Be3 Qe2 24. Kh2 Kh7 25. Bf4 Re7 26. f3 h5 27. Rd6 Na5
28. Rd2 Qf1 29. Rf2 Qb5 30. Qg5 Qxg5 31. hxg5 Nxb3 32. axb3 Bf5 33. Kg3 Kg6 34.
Rd2 Rd7 35. Rxd7 Bxd7 36. Be3 a6 37. Kf4 h4 38. b4 h3 39. gxh3 Bxh3 40. Bf2 Be6
41. Be3 Bd5 42. Bf2 Be6 43. Be3 Bd5 44. Bf2 1/2-1/2

[Event "ch-Schachbundesliga 2020"]
[Site "Karlsruhe GER"]
[Date "2020.09.19"]
[Round "5.4"]
[Board "3"]
[White "Dragnev, Valentin"]
[Black "Andersen, Mads"]
[Result "1/2-1/2"]
[WhiteTitle "GM"]
[BlackTitle "GM"]
[WhiteElo "2553"]
[BlackElo "2585"]
[WhiteTeam "FC Bayern Muenchen"]
[BlackTeam "SG Solingen"]
[WhiteFideId "1634852"]
[BlackFideId "1413864"]
[EventDate "2020.09.16"]

1. e4 c6 2. Nf3 d5 3. Nc3 Bg4 4. h3 Bxf3 5. Qxf3 e6 6. Be2 Bc5 7. O-O Nd7 8.
exd5 exd5 9. Re1 Ne7 10. Bf1 O-O 11. Ne2 Ng6 12. d4 Bd6 13. Bd2 Qc7 14. b3 Nf6
15. Nc3 Qb6 16. Qd3 Nf4 17. Bxf4 Bxf4 18. Re2 Rae8 19. Rae1 Qd8 20. g3 Bd6 21.
Bg2 1/2-1/2

[Event "ch-Schachbundesliga 2020"]
[Site "Karlsruhe GER"]
[Date "2020.09.19"]
[Round "5.4"]
[Board "4"]
[White "Van Wely, Loek"]
[Black "Studer, Noel"]
[Result "1-0"]
[WhiteTitle "GM"]
[BlackTitle "GM"]
[WhiteElo "2615"]
[BlackElo "2573"]
[WhiteTeam "SG Solingen"]
[BlackTeam "FC Bayern Muenchen"]
[WhiteFideId "1000268"]
[BlackFideId "1319620"]
[EventDate "2020.09.16"]

1. Nf3 d5 2. g3 Nf6 3. Bg2 c5 4. O-O e6 5. c4 d4 6. d3 Nc6 7. e3 Bd6 8. exd4
cxd4 9. Bg5 h6 10. Bxf6 Qxf6 11. Nbd2 Qe7 12. Re1 O-O 13. a3 a5 14. Rc1 Bd7 15.
Nb3 Qf6 16. Nfd2 Qe7 17. Ne4 Bc7 18. Nbc5 Be8 19. Na4 b6 20. f4 Rb8 21. Qc2 Kh8
22. Nd2 g5 23. c5 b5 24. Nb6 gxf4 25. Nd5 Qd8 26. Nxc7 Qxc7 27. Ne4 Ne5 28. Qf2
f3 29. Bxf3 f6 30. Be2 Rd8 31. Nd6 Rxd6 32. cxd6 Qxd6 33. Rc8 Bg6 34. Qxf6+ 1-0

[Event "ch-Schachbundesliga 2020"]
[Site "Karlsruhe GER"]
[Date "2020.09.19"]
[Round "5.4"]
[Board "5"]
[White "Lokander, Martin"]
[Black "Smeets, Jan"]
[Result "1/2-1/2"]
[WhiteTitle "IM"]
[BlackTitle "GM"]
[WhiteElo "2406"]
[BlackElo "2585"]
[WhiteTeam "FC Bayern Muenchen"]
[BlackTeam "SG Solingen"]
[WhiteFideId "1709569"]
[BlackFideId "1007246"]
[EventDate "2020.09.16"]

1. d4 d5 2. c4 c6 3. Nf3 Nf6 4. Nc3 a6 5. e3 e6 6. b3 Bb4 7. Bd2 b6 8. Bd3 Bb7
9. O-O dxc4 10. Bxc4 O-O 11. a3 Be7 12. Qe2 Nbd7 13. Rfd1 c5 14. dxc5 Bxc5 15.
b4 Bd6 16. e4 Qb8 17. Bd3 Ng4 18. g3 Rc8 19. Rac1 Nge5 20. Nxe5 Nxe5 21. Bb1 Nc4
22. Na4 b5 23. Rxc4 Rxc4 24. Nb6 Rd4 25. Nxa8 Bxa8 26. Bc3 Rxd1+ 27. Qxd1 1/2-1/2

[Event "ch-Schachbundesliga 2020"]
[Site "Karlsruhe GER"]
[Date "2020.09.19"]
[Round "5.4"]
[Board "6"]
[White "Nikolic, Predrag"]
[Black "Lindgren, Philip"]
[Result "1-0"]
[WhiteTitle "GM"]
[BlackTitle "IM"]
[WhiteElo "2562"]
[BlackElo "2358"]
[WhiteTeam "SG Solingen"]
[BlackTeam "FC Bayern Muenchen"]
[WhiteFideId "14400014"]
[BlackFideId "1713230"]
[EventDate "2020.09.16"]

1. Nf3 d5 2. g3 c6 3. Bg2 Bg4 4. O-O Nd7 5. d3 e6 6. c4 Bxf3 7. Bxf3 dxc4 8.
dxc4 Ne5 9. Nd2 Nxf3+ 10. Nxf3 Nf6 11. Qxd8+ Rxd8 12. Be3 c5 13. Rfd1 Bd6 14.
Rd3 Ke7 15. Ra3 Ra8 16. Rd1 Rhd8 17. h3 Rd7 18. Rdd3 b6 19. Ra6 Ne8 20. Rda3 Rb7
21. Ng5 Be5 22. Rb3 Rc8 23. Ne4 Rd7 24. Kg2 f5 25. Nc3 Bxc3 26. Rxc3 e5 27. Rd3
Rcc7 28. a3 Nd6 29. b3 Ke6 30. a4 Nc8 31. a5 Rxd3 32. exd3 Kd7 33. axb6 axb6 34.
b4 cxb4 35. Ra4 Kc6 36. Rxb4 Rd7 37. Rb3 g6 38. f4 exf4 39. Bxf4 Nd6 40. Ra3 Nb7
41. Kf3 Nc5 42. Ke3 Re7+ 43. Kd2 b5 44. cxb5+ Kxb5 45. Rc3 Rd7 46. Ke2 Ne6 47.
Be3 Rc7 48. Ra3 Kc6 49. h4 Kd5 50. Ra5+ Kd6 51. d4 Rc2+ 52. Kd3 Rc8 53. Bd2 Kd7
54. Ra7+ Rc7 55. Ra8 Rb7 56. d5 Nc7 57. Ra5 Rb5 58. Kd4 Rxa5 59. Bxa5 Ne8 60.
Ke5 Nd6 61. Be1 Ne4 62. g4 Nc5 63. Kd4 Nb3+ 64. Kc4 Nc1 65. gxf5 gxf5 66. Bd2
Ne2 67. Kd3 Ng3 68. Bf4 Ne4 69. Kd4 Ke7 70. Ke5 Nd6 71. h5 Kd7 72. Kf6 Nc4 73.
Kxf5 Nb6 74. Ke5 Ke7 75. Bg5+ Kf7 76. Kd6 Nc4+ 77. Kc7 Ne5 78. Bf4 Nd3 79. Bg3
Kf6 80. d6 Nc5 81. Kc6 Ne6 82. Bh4+ Kf5 83. d7 Ke5 84. Bg3+ Kf6 85. Kd6 Kf5 86.
Bh4 h6 87. Be7 1-0

[Event "ch-Schachbundesliga 2020"]
[Site "Karlsruhe GER"]
[Date "2020.09.19"]
[Round "5.4"]
[Board "7"]
[White "Rafiee, Makan"]
[Black "Naumann, Alexander"]
[Result "1/2-1/2"]
[WhiteTitle "FM"]
[BlackTitle "GM"]
[WhiteElo "2334"]
[BlackElo "2539"]
[WhiteTeam "FC Bayern Muenchen"]
[BlackTeam "SG Solingen"]
[WhiteFideId "24609340"]
[BlackFideId "4623169"]
[EventDate "2020.09.16"]

1. e4 c5 2. Nf3 e6 3. d4 cxd4 4. Nxd4 Nc6 5. Nc3 Qc7 6. Be3 a6 7. Bd3 Nf6 8. O-O
b5 9. Nxc6 Qxc6 10. Be2 Bd6 11. Qd4 Bb7 12. Rad1 Bb8 13. Bf3 Qc7 14. g3 Ba7 15.
Qd3 Bxe3 16. Qxe3 d6 17. Rd2 O-O 18. Rfd1 b4 19. Ne2 d5 20. exd5 Bxd5 21. Nf4
Bxf3 22. Qxf3 Rac8 23. Qb3 a5 24. Qd3 Qe5 25. Qb3 Qc5 26. Re1 Rfd8 27. Rxd8+
Rxd8 28. Nd3 Qd4 29. Re5 Nd5 30. Qa4 Qb6 31. a3 bxa3 32. Qxa3 h6 33. c4 Nf6 34.
Qc3 a4 35. Re1 Qd6 36. Ne5 Qc5 37. Qe3 Qxe3 38. Rxe3 Rb8 1/2-1/2

[Event "ch-Schachbundesliga 2020"]
[Site "Karlsruhe GER"]
[Date "2020.09.19"]
[Round "6.1"]
[Board "2"]
[White "Heimann, Andreas"]
[Black "Malakhov, Vladimir"]
[Result "1/2-1/2"]
[WhiteTitle "GM"]
[BlackTitle "GM"]
[WhiteElo "2617"]
[BlackElo "2669"]
[WhiteTeam "Schachfreunde Deizisau"]
[BlackTeam "SC Viernheim"]
[WhiteFideId "24624632"]
[BlackFideId "4120787"]
[EventDate "2020.09.16"]

1. e4 e5 2. Nf3 Nc6 3. Bb5 Nf6 4. O-O Nxe4 5. Re1 Nd6 6. Nxe5 Be7 7. Bf1 Nxe5 8.
Rxe5 O-O 9. Nc3 Ne8 10. Nd5 Bd6 11. Re1 c6 12. Ne3 Be7 13. c4 Nc7 14. d4 d5 15.
cxd5 Bb4 16. Bd2 Bxd2 17. Qxd2 Nxd5 18. Nxd5 Qxd5 19. Re5 Qd6 20. Bc4 Bd7 21.
Rae1 Rae8 22. a3 Rxe5 23. Rxe5 Re8 24. Qf4 Be6 25. Bxe6 fxe6 26. Qe4 h6 27. h4
Qe7 28. g3 Qf6 29. Qe3 Re7 30. Kg2 a6 31. Qb3 Kh7 32. Qf3 Qxf3+ 33. Kxf3 Kg6 34.
Ke4 Kf6 35. h5 b6 36. b4 Rd7 37. f4 Ra7 38. a4 Rd7 39. g4 Rd8 40. Kd3 Rd7 41. a5
b5 42. Rc5 Rd6 43. Ke4 Ke7 44. Rc1 Kd7 45. Rc5 Ke7 46. g5 Kd7 47. Re5 Ke7 48. g6
Kf6 49. f5 exf5+ 50. Rxf5+ Ke6 51. Rc5 Ke7 52. Re5+ Kf6 53. Rf5+ Ke6 54. Rf7 Rd5
55. Rc7 Kd6 56. Rxg7 Rxh5 57. Ra7 Rg5 58. g7 h5 59. d5 h4 60. Kf4 Rg1 61. dxc6
Kxc6 62. Kf5 Kd5 63. Rxa6 Rxg7 64. Rh6 Rf7+ 65. Kg5 Rg7+ 66. Kf5 Rf7+ 67. Kg5 1/2-1/2

[Event "ch-Schachbundesliga 2020"]
[Site "Karlsruhe GER"]
[Date "2020.09.19"]
[Round "6.1"]
[Board "3"]
[White "Kryvoruchko, Yuriy"]
[Black "Meier, Georg"]
[Result "1/2-1/2"]
[WhiteTitle "GM"]
[BlackTitle "GM"]
[WhiteElo "2682"]
[BlackElo "2622"]
[WhiteTeam "SC Viernheim"]
[BlackTeam "Schachfreunde Deizisau"]
[WhiteFideId "14109182"]
[BlackFideId "4675789"]
[EventDate "2020.09.16"]

1. c4 b6 2. Nc3 Bb7 3. d4 e6 4. e4 Bb4 5. f3 f5 6. exf5 Nh6 7. fxe6 Nf5 8. Bf4
O-O 9. Qd3 c5 10. d5 dxe6 11. O-O-O Bxc3 12. Qxc3 exd5 13. cxd5 Kh8 14. Ne2 Nd7
15. Qd2 b5 16. Kb1 Nb6 17. Ng3 Nxd5 18. Be5 c4 19. Nxf5 Rxf5 20. f4 c3 1/2-1/2

[Event "ch-Schachbundesliga 2020"]
[Site "Karlsruhe GER"]
[Date "2020.09.19"]
[Round "6.1"]
[Board "4"]
[White "Bluebaum, Matthias"]
[Black "Korobov, Anton"]
[Result "1/2-1/2"]
[WhiteTitle "GM"]
[BlackTitle "GM"]
[WhiteElo "2660"]
[BlackElo "2688"]
[WhiteTeam "Schachfreunde Deizisau"]
[BlackTeam "SC Viernheim"]
[WhiteFideId "24651516"]
[BlackFideId "14105730"]
[EventDate "2020.09.16"]

1. d4 Nf6 2. Nf3 d5 3. Bf4 Bf5 4. c4 dxc4 5. e3 b5 6. a4 c6 7. axb5 cxb5 8. Nc3
e6 9. Nxb5 Bb4+ 10. Nc3 Nd5 11. Qa4+ Nd7 12. Bxc4 O-O 13. O-O N7b6 14. Qb3 Bxc3
15. Bxd5 Qxd5 16. Qxc3 Be4 17. Ne1 Rfc8 18. Qb4 Bg6 19. f3 Rc4 20. Qd2 Qb5 21.
Rf2 Rb4 22. e4 f5 23. exf5 Bxf5 24. Bd6 Rb3 25. g4 Nc4 26. Qf4 Rxb2 27. Ra2 Rxa2
28. Rxa2 Nxd6 29. Qxd6 Bg6 30. Qc5 Qb7 31. Kf2 Bf7 32. Nd3 a6 33. Ne5 h6 34. Qd6
Kh7 35. Rc2 Bg8 36. Rc7 Qb2+ 37. Kg3 Qb1 38. Rxg7+ Kxg7 39. Qe7+ Kh8 40. Qf6+
Kh7 41. Qe7+ 1/2-1/2

[Event "ch-Schachbundesliga 2020"]
[Site "Karlsruhe GER"]
[Date "2020.09.19"]
[Round "6.1"]
[Board "5"]
[White "Anton Guijarro, David"]
[Black "Donchenko, Alexander"]
[Result "1/2-1/2"]
[WhiteTitle "GM"]
[BlackTitle "GM"]
[WhiteElo "2688"]
[BlackElo "2654"]
[WhiteTeam "SC Viernheim"]
[BlackTeam "Schachfreunde Deizisau"]
[WhiteFideId "2285525"]
[BlackFideId "24603295"]
[EventDate "2020.09.16"]

1. e4 c5 2. Nf3 d6 3. d4 cxd4 4. Qxd4 Nc6 5. Bb5 Bd7 6. Qd3 g6 7. c4 Bg7 8. Nc3
Nf6 9. O-O O-O 10. h3 a6 11. Bxc6 Bxc6 12. Nd4 Bd7 13. a4 Rc8 14. b3 Qc7 15. Be3
e6 16. Rfc1 h6 17. a5 Qb8 18. Nde2 Bc6 19. Bd4 Rfe8 20. Re1 Rcd8 21. Bb6 Rc8 22.
Rad1 Nd7 23. Bd4 Bf8 24. Qb1 b5 25. axb6 Nxb6 26. Qa2 Qb7 27. f3 d5 28. cxd5
exd5 29. e5 Nd7 30. f4 Nc5 31. Rb1 Bd7 32. Ng3 h5 33. Red1 h4 34. Nge2 Bf5 35.
Rb2 Ne6 36. Na4 Rc6 37. b4 Rc4 38. Nc5 Qc8 39. Kh2 Bh6 40. Nxe6 Rxe6 41. Bf2 Be4
42. Bxh4 d4 43. Qa3 d3 44. Rxd3 Bxd3 45. Qxd3 Bxf4+ 46. Nxf4 Rxf4 47. Bf6 Qb8
48. Rd2 Rxb4 49. Qf3 Re8 50. Rd7 Rb6 51. Qf4 Rxf6 52. Qxf6 Qxe5+ 53. Qxe5 Rxe5
54. Ra7 Re6 55. h4 Kg7 56. g4 Re2+ 57. Kg3 Ra2 58. g5 a5 59. Ra8 a4 60. Kh3 a3
61. Kg3 Ra1 62. Kg2 f5 63. gxf6+ Kxf6 64. Ra5 Ke6 65. Rg5 Kf7 66. Ra5 Kf6 67.
Kh2 Ke6 68. Rg5 Kd6 69. Rxg6+ Kc5 70. Rg5+ Kb4 71. Rg4+ Kc3 72. Rg3+ Kb4 1/2-1/2

[Event "ch-Schachbundesliga 2020"]
[Site "Karlsruhe GER"]
[Date "2020.09.19"]
[Round "6.1"]
[Board "6"]
[White "Keymer, Vincent"]
[Black "Amin, Bassem"]
[Result "1/2-1/2"]
[WhiteTitle "GM"]
[BlackTitle "GM"]
[WhiteElo "2568"]
[BlackElo "2686"]
[WhiteTeam "Schachfreunde Deizisau"]
[BlackTeam "SC Viernheim"]
[WhiteFideId "12940690"]
[BlackFideId "10601457"]
[EventDate "2020.09.16"]

1. d4 Nf6 2. c4 e6 3. Nf3 Bb4+ 4. Nbd2 O-O 5. a3 Be7 6. e4 d6 7. Be2 Nfd7 8. b4
e5 9. d5 a5 10. Bb2 c5 11. b5 Nb6 12. Qc2 g6 13. O-O-O N8d7 14. Ne1 Bg5 15. g3
Nf6 16. h4 Bh6 17. h5 g5 18. Kb1 Ng4 19. Bxg4 Bxg4 20. f3 Bd7 21. Nd3 Qe7 22.
Bc1 f5 23. exf5 Bxf5 24. g4 Bxd3 25. Qxd3 Rf7 26. Ne4 Raf8 27. Rhf1 Nd7 28. Bd2
b6 29. Rde1 Rg7 30. Kc2 Rgf7 31. Re2 Kh8 32. Ng3 Qd8 33. Nf5 Rf6 34. Rg2 Rg8 35.
Rgf2 Qf8 36. Ng3 Rf7 37. Rg2 Qd8 38. Ne4 Nf6 39. Ng3 Nd7 40. Bc3 Qf8 41. Nf5 Rf6
42. Rfg1 Qf7 43. Kb3 Qf8 44. Rf1 Qf7 45. Ng3 Qe7 46. Rfg1 Qf8 47. Qe2 Rg7 48.
Rf1 Rgf7 49. Rgf2 Rg7 50. Kb2 Rf4 51. Bd2 Rf6 52. Rg1 Rg8 53. Bc3 Rg7 54. Ne4
Rf4 55. Ka2 Rgf7 56. Rgf1 Rg7 57. Bb2 Rff7 58. Ng3 Rf6 59. Rg2 Rg8 60. Ne4 Rf4
61. Rgf2 Rf7 62. Rg1 Rf4 63. Bc1 Rf7 64. Bd2 Nf6 65. Rff1 Nxe4 66. fxe4 Rgg7 67.
Qe1 Kg8 68. Rf5 Rxf5 69. gxf5 Qd8 70. f6 Qxf6 71. Rf1 Qe7 72. Rf5 Rf7 73. Qf1
Kg7 74. Kb3 Rxf5 75. Qxf5 Qf7 76. Qxf7+ Kxf7 77. Kc2 a4 78. Kd3 Ke8 79. Ke2 Bf8
80. Bxg5 Be7 81. Bd2 Bh4 82. Kf3 Ke7 83. Kg4 Bf6 84. Kf5 Kf7 85. Bg5 1/2-1/2

[Event "ch-Schachbundesliga 2020"]
[Site "Karlsruhe GER"]
[Date "2020.09.19"]
[Round "6.2"]
[Board "1"]
[White "Seel, Christian"]
[Black "Wojtaszek, Radoslaw"]
[Result "1/2-1/2"]
[WhiteTitle "IM"]
[BlackTitle "GM"]
[WhiteElo "2475"]
[BlackElo "2717"]
[WhiteTeam "Aachener SV"]
[BlackTeam "OSG Baden-Baden"]
[WhiteFideId "4663098"]
[BlackFideId "1118358"]
[EventDate "2020.09.16"]

1. Nf3 Nf6 2. c4 e6 3. Nc3 Bb4 4. Qc2 O-O 5. a3 Bxc3 6. Qxc3 b6 7. e3 Bb7 8. Be2
d6 9. b4 Nbd7 10. Bb2 Qe7 11. O-O e5 12. d3 h6 13. h3 Nh7 14. Nd2 Qg5 15. Bf3
Bxf3 16. Nxf3 Qe7 17. Nd2 a5 18. Kh1 Nhf6 19. Nb3 axb4 20. axb4 Rfc8 21. Rfc1 c5
22. Kg1 Qd8 23. Rxa8 Rxa8 24. Ra1 Rxa1+ 25. Nxa1 Qa8 26. Qa3 Qxa3 27. Bxa3 e4
28. d4 cxb4 29. Bxb4 Ne8 30. Nb3 f5 31. c5 bxc5 32. dxc5 dxc5 33. Nxc5 1/2-1/2